00529nam a2200157Ia 4500008004100000082001400041100002500055245004800080250000900128260003300137300001100170650002100181942001200202952014200214999001500356150201s2014 xx 000 0 und d a610bC14P aPAPADAKIS, MAXINE A. aCURRENT MEDICAL DIAGNOSIS & TREATMENT -2014 a53ER bMC GRAW HILLaNEW YORKc2014 a1-1836 aGENERAL MEDICINE 2ddccBK 00102ddc40718MEDICALaFMbFMcREFd2014-06-07eABC DELHIg35.95iSGTUl0o610 C14PpFM6177r2015-02-09 00:00:00w2014-07-18yBKk4670 c1819d1819